[Event "Mogliano Veneto op 42nd"]
[Site "Mogliano Veneto"]
[Date "2021.04.23"]
[Round "1"]
[White "Vianello, Viviana Sofia"]
[Black "McOmish, Cameron"]
[Result "1-0"]
[WhiteElo "1503"]
[BlackElo "999"]
[PlyCount "83"]
[EventDate "2021.04.23"]
[EventType "swiss"]
[EventRounds "5"]
[EventCountry "ITA"]
[SourceTitle "EXT 2023"]
[Source "ChessBase"]
[SourceDate "2022.10.05"]
[SourceVersion "1"]
[SourceVersionDate "2022.10.05"]
[SourceQuality "1"]

1. e4 e5 2. Nf3 Nc6 3. Bb5 Nf6 4. 0-0 Nxe4 5. Re1 a6 6. Bxc6 bxc6 7. Rxe4 d6 8. d4 Bf5 9. Re1 f6 10. Nh4 Be6 11. dxe5 dxe5 12. Qxd8+ Rxd8 13. Nc3 Bb4 14. Be3 g5 15. Nf3 g4 16. Nd2 h5 17. Nde4 f5 18. Ng5 Ke7 19. Nxe6 Kxe6 20. Bg5 Bxc3 21. bxc3 Rdg8 22. Bh4 Rb8 23. Rab1 Rbd8 24. Bxd8 Rxd8 25. Red1 Rg8 26. Rb7 f4 27. Rxc7 f3 28. Rxc6+ Kf5 29. Rxa6 Rc8 30. Rd3 Ke4 31. Ra4+ Kf5 32. gxf3 gxf3 33. Rxf3+ Ke6 34. Rh3 e4 35. Rxe4+ Kf5 36. Rb4 Rd8 37. Rxh5+ Kg6 38. Rc5 Rd2 39. Rb6+ Kg7 40. Rc7+ Kg8 41. Rb8+ Rd8 42. Rxd8# 1-0

[Event "Treviso op-D 1st"]
[Site "Treviso"]
[Date "2017.03.19"]
[Round "5.12"]
[White "Pincin, Samuele"]
[Black "Vianello, Viviana Sofia"]
[Result "1/2-1/2"]
[WhiteElo "1423"]
[BlackElo "1296"]
[PlyCount "59"]
[EventDate "2017.03.17"]
[EventType "swiss"]
[EventRounds "5"]
[EventCountry "ITA"]
[SourceTitle "EXT 2024"]
[Source "ChessBase"]
[SourceDate "2023.10.10"]
[SourceVersion "1"]
[SourceVersionDate "2023.10.10"]
[SourceQuality "1"]

1. e4 e5 2. Nf3 Nc6 3. Bc4 Bc5 4. d3 d6 5. Nc3 g6 6. Be3 Nd4 7. h3 Nf6 8. 0-0 Be6 9. Bb3 Qd7 10. Ba4 c6 11. Bxd4 Bxd4 12. Nxd4 exd4 13. Ne2 b5 14. Bb3 c5 15. f3 c4 16. dxc4 bxc4 17. Bxc4 Bxc4 18. Re1 Bxe2 19. Rxe2 Qa4 20. Rd2 Rc8 21. b3 Qc6 22. Rc1 0-0 23. Rxd4 Qc5 24. Kh1 Rfd8 25. c4 d5 26. Qd2 Qb6 27. exd5 Qc5 28. Qd3 Rd6 29. Rd1 Re8 30. f4 1/2-1/2